LEADER 01093naa a2200217 u 4500 001 000000103577 003 CaOOAMICUS 005 20070226130216.0 008 061120s1959 onc u000 u fre u 035 $a11107344 040 $aIAR$bita 100 1 $aOrcibal, Jean,$d1913-1991.$0(OLS)http://pul/name/7831 245 14$aUne formule de l'amour extatique de Platon à saint Jean de la Croix et au cardinal de Bérulle /$cJean Orcibal. 260 $aToronto :$bPontifical institute of medieval studies ;$aParis :$bLibrairie philosophique J. Vrin,$c1959. 300 $ap. 447-463 ;$c25 cm 500 $aIAR: CCI.470 773 0 $aMélanges offerts à Étienne Gilson. 773 0 $tMélanges offerts à Etienne Gilson de l'Académie Française$gHors Série$w()15457 996 $6245$aUne formule de l'amour extatique de Platon à saint Jean de la Croix et au cardinal de Bérulle$9(OLS)http://pul/title/130482 996 $6260$aToronto :$bPontifical institute of medieval studies$9(OLS)http://pul/publisher/54715 996 $6260$aParis :$bLibrairie philosophique J. Vrin$9(OLS)http://pul/publisher/47887 LEADER 01568nam a2200349 u 4500 001 000000059201 003 CaOOAMICUS 005 20070226120756.0 008 010625s1996 it u000 u ita u 020 $a8870784142 035 $a10893920 040 $aPUL(R)$bita 041 1 $aita$hfre 100 1 $aMerleau-Ponty, Maurice,$d1908-1961.$0(OLS)http://pul/name/11688 240 10$aNature.$lItaliano.$0(OLS)http://pul/title/79300 245 13$aLa natura :$blezioni al Collège de France : 1956-1960 /$cMaurice Merlau-Ponty ; testo stabilito e annotato da Dominique Séglard ; edizione italiana a cura di Mauro Carbone. 260 $aMilano :$bCortina,$c1996. 300 $axxiv, 406 p. ;$c23 cm 490 1 $aScienza e idee ;$v24 504 $aBibliografia in nota. 650 4$aNatura (filosofia).$0(OLS)http://pul/subject/14221 650 4$aFenomenologia.$0(OLS)http://pul/subject/1230 700 1 $aCarbone, Mauro.$0(OLS)http://pul/name/26675 700 1 $aSéglard, Dominique.$0(OLS)http://pul/name/40911 830 0$aScienza e idee (Raffaello Cortina) ;$v24.$0(OLS)http://pul/title/60185 850 $aPUL 852 $aPUL$W1$xSL Filosofia 2$y80$mPhil D4 61c$j77231$nBK-PRI$b $qStampati altre collocazioni$B77231$CPULBib$Z2$F77231 $H $81 941 1 $a10 961 $aINV: 77827 996 $6020$a8870784142$9(OLS)http://pul/number/75264 996 $6245$aLa natura :$blezioni al Collège de France : 1956-1960$9(OLS)http://pul/title/79301 996 $6260$aMilano :$bCortina$9(OLS)http://pul/publisher/49024